United States 2022 FIFA World Cup Squad - Statistics

General Stats
  • This quiz has been taken 1,747 times
    1,705 since last reset
  • The average score is 13 of 27
Answer Stats
# Position Player % Correct
10 FW Christian Pulisic
96%
1 GK Matt Turner
80%
8 MF Weston McKennie
79%
21 FW Timothy Weah
75%
2 DF Sergiño Dest
69%
4 MF Tyler Adams
68%
5 DF Antonee Robinson
64%
7 FW Giovanni Reyna
64%
13 DF Tim Ream
62%
3 DF Walker Zimmerman
61%
11 MF Brenden Aaronson
56%
6 MF Yunus Musah
52%
24 FW Josh Sargent
49%
Manager Gregg Berhalter
42%
22 DF DeAndre Yedlin
41%
19 FW Haji Wright
39%
25 GK Sean Johnson
39%
9 FW Jesús Ferreira
35%
20 DF Cameron Carter-Vickers
33%
12 GK Ethan Horvath
33%
16 FW Jordan Morris
30%
23 MF Kellyn Acosta
28%
15 DF Aaron Long
27%
18 DF Shaq Moore
26%
26 DF Joe Scally
25%
14 MF Luca de la Torre
25%
17 MF Cristian Roldan
22%
No matching quizzes found
Score Distribution
Percent of People with Each Score
Percentile by Number Answered
Your Score History
You have not taken this quiz since the last reset